| 000 -LEADER |
| fixed length control field |
00538nam a2200181 a 4500 |
| 040 ## - CATALOGING SOURCE |
| Transcribing agency |
CaPaEBR |
| 082 04 - DEWEY DECIMAL CLASSIFICATION NUMBER |
| Classification number |
968 OXF 1988 A103 Or. |
| 100 1# - MAIN ENTRY--AUTHOR NAME |
| Personal name |
Rotberg, Robert I. |
| 245 14 - TITLE STATEMENT |
| Title |
The founder |
| Remainder of title |
Cecil Rhodes and the pursuit of power / |
| 260 ## - PUBLICATION, DISTRIBUTION, ETC. (IMPRINT) |
| Place of publication |
New York : |
| Name of publisher |
Oxford University Press, |
| Year of publication |
1988. |
| 300 ## - PHYSICAL DESCRIPTION |
| Number of Pages |
xxii, 800 p. : |
| Other physical details |
ill., maps. |
| 650 #0 - SUBJECT ADDED ENTRY--TOPICAL TERM |
| Topical Term |
Statesmen |
| 650 #0 - SUBJECT ADDED ENTRY--TOPICAL TERM |
| Topical Term |
Capitalists and financiers |
| 700 1# - ADDED ENTRY--PERSONAL NAME |
| Personal name |
Shore, Miles F. |
| 710 2# - ADDED ENTRY--CORPORATE NAME |
| Corporate name or jurisdiction name as entry element |
ebrary, Inc. |
| 856 40 - ELECTRONIC LOCATION AND ACCESS |
| Uniform Resource Identifier |
http://site.ebrary.com/lib/yale/Doc?id=10472281 |
| 942 ## - ADDED ENTRY ELEMENTS (KOHA) |
| Koha item type |
សៀវភៅភាសាអង់គ្លេស |
| 952 ## - LOCATION AND ITEM INFORMATION (KOHA) |
| Withdrawn status [LOCAL, KOHA] |
0 |